000 01181nam a2200265 i 4500
001 bg
245 0 0 _aInfrastruktura techniczno-ekonomiczna w obszarach metropolitalnych =
_bTechnical and economical infrastructure in metropolitan areas /
_cpod red. Zbigniewa Makieły, Tadeusza Marszała.
260 _aWarszawa :
_bKPZK PAN,
_c2005.
300 _a233 s. :
_bmapy, plany ;
_c21 cm.
490 1 _aBiuletyn / Polska Akademia Nauk. Komitet Przestrzennego Zagospodarowania Kraju,
_x0079-3493 ;
_vZ. 222
500 _aTyt. równol.: "Technical and economical infrastructure in metropolitan areas". - Streszcz. ang. przy art.
504 _aBibliogr. przy art.
650 9 _aMetropolie (urban.)
_xplanowanie przestrzenne
_zPolska
_yod 1989 r.
650 9 _aInfrastruktura techniczna
_zPolska
_yod 1989 r.
700 1 _aMAKIEŁA, Zbigniew.
_eRed.
700 1 _aMARSZAŁ, Tadeusz.
_eRed.
830 0 _aBiuletyn (Polska Akademia Nauk. Komitet Przestrzennego Zagospodarowania Kraju) ;
_vZ. 222
020 _a8389693704
040 _cBPK
041 0 _apol
_beng
080 _a711.4/.8:338.49](438)
920 _a83-8969370-4
942 _cKS
008 s pl f |000 0 pol
999 _c46849
_d46849
856 _uhttp://koha.tu.koszalin.pl/cgi-bin/koha/opac-detail.pl?biblionumber=46849
_yKatalog online BPK